<?xml version="1.0" encoding="UTF-8"?>
<record
    xmlns:xsi="http://www.w3.org/2001/XMLSchema-instance"
    xsi:schemaLocation="http://www.loc.gov/MARC21/slim http://www.loc.gov/standards/marcxml/schema/MARC21slim.xsd"
    xmlns="http://www.loc.gov/MARC21/slim">

  <leader>01259nam a22002897a 4500</leader>
  <controlfield tag="003">OSt</controlfield>
  <controlfield tag="005">20210916124100.0</controlfield>
  <controlfield tag="008">210916b2009    ck ||||er|||| 00| j spa d</controlfield>
  <datafield tag="020" ind1=" " ind2=" ">
    <subfield code="a">9789588471310</subfield>
  </datafield>
  <datafield tag="040" ind1=" " ind2=" ">
    <subfield code="a">CO-JMCR</subfield>
    <subfield code="c">CO-JMCR</subfield>
  </datafield>
  <datafield tag="041" ind1="0" ind2=" ">
    <subfield code="a">spa</subfield>
  </datafield>
  <datafield tag="082" ind1="0" ind2="4">
    <subfield code="a">C /</subfield>
    <subfield code="b">VALh</subfield>
    <subfield code="2">23</subfield>
  </datafield>
  <datafield tag="100" ind1="1" ind2=" ">
    <subfield code="a">Valenzuela, Luisa, </subfield>
    <subfield code="e">autora</subfield>
    <subfield code="9">40343</subfield>
  </datafield>
  <datafield tag="245" ind1="1" ind2="0">
    <subfield code="a">Historias de mujeres / </subfield>
    <subfield code="c">Luisa Valenzuela, Margo Glantz, Marina Colasanti [y otros 2] ; selecci&#xF3;n e introducci&#xF3;n Julio Paredes castro</subfield>
  </datafield>
  <datafield tag="250" ind1=" " ind2=" ">
    <subfield code="a">Primera edici&#xF3;n</subfield>
  </datafield>
  <datafield tag="260" ind1=" " ind2=" ">
    <subfield code="a">Bogot&#xE1; : </subfield>
    <subfield code="b">Alcald&#xED;a Mayor de Bogot&#xE1; : Secretar&#xED;a Distrital de Cultura, Recreaci&#xF3;n y Deporte, </subfield>
    <subfield code="c">2009</subfield>
  </datafield>
  <datafield tag="300" ind1=" " ind2=" ">
    <subfield code="a">78 p&#xE1;ginas ; </subfield>
    <subfield code="c">17 cm.</subfield>
  </datafield>
  <datafield tag="490" ind1="0" ind2=" ">
    <subfield code="a">Libro al viento ; </subfield>
    <subfield code="v">62</subfield>
  </datafield>
  <datafield tag="505" ind1="0" ind2=" ">
    <subfield code="t">Tango / </subfield>
    <subfield code="r">Luisa Valenzuela </subfield>
    <subfield code="t">Palabras para una f&#xE1;bula / </subfield>
    <subfield code="r">Margo Glantz </subfield>
    <subfield code="t">Una voz entre los arbustos / </subfield>
    <subfield code="r">Marina Colasanti </subfield>
    <subfield code="t">Jam Sessi&#xF3;n / </subfield>
    <subfield code="r">Gabriela Alem&#xE1;n </subfield>
    <subfield code="t">El encuentro / </subfield>
    <subfield code="r">Marvel moreno</subfield>
  </datafield>
  <datafield tag="650" ind1="1" ind2="4">
    <subfield code="a">Cuentos</subfield>
    <subfield code="x">Colecciones</subfield>
    <subfield code="9">40510</subfield>
  </datafield>
  <datafield tag="650" ind1="2" ind2="4">
    <subfield code="a">Mujeres en la literatura </subfield>
    <subfield code="9">6298</subfield>
  </datafield>
  <datafield tag="650" ind1="2" ind2="4">
    <subfield code="a">Imaginaci&#xF3;n en la literatura</subfield>
    <subfield code="9">40551</subfield>
  </datafield>
  <datafield tag="700" ind1="1" ind2=" ">
    <subfield code="a">Glantz, Margo, </subfield>
    <subfield code="e">autora</subfield>
    <subfield code="9">40346</subfield>
  </datafield>
  <datafield tag="700" ind1="1" ind2=" ">
    <subfield code="a">Colasanti, Marina, </subfield>
    <subfield code="e">autora</subfield>
    <subfield code="9">40347</subfield>
  </datafield>
  <datafield tag="700" ind1="1" ind2=" ">
    <subfield code="a">Paredes castro, Julio, </subfield>
    <subfield code="e">autor de selecci&#xF3;n e introducci&#xF3;n</subfield>
    <subfield code="9">14038</subfield>
  </datafield>
  <datafield tag="942" ind1=" " ind2=" ">
    <subfield code="2">ddc</subfield>
    <subfield code="c">BK</subfield>
  </datafield>
  <datafield tag="999" ind1=" " ind2=" ">
    <subfield code="c">15613</subfield>
    <subfield code="d">15613</subfield>
  </datafield>
  <datafield tag="952" ind1=" " ind2=" ">
    <subfield code="0">0</subfield>
    <subfield code="1">0</subfield>
    <subfield code="2">ddc</subfield>
    <subfield code="4">0</subfield>
    <subfield code="7">0</subfield>
    <subfield code="8">FIC</subfield>
    <subfield code="a">CPL</subfield>
    <subfield code="b">CPL</subfield>
    <subfield code="d">2021-08-04</subfield>
    <subfield code="e">Donaci&#xF3;n</subfield>
    <subfield code="l">1</subfield>
    <subfield code="o">C / VALh</subfield>
    <subfield code="p">201811200</subfield>
    <subfield code="r">2025-09-18 15:22:47</subfield>
    <subfield code="s">2025-09-17</subfield>
    <subfield code="t">Ej.1</subfield>
    <subfield code="w">2021-09-16</subfield>
    <subfield code="y">BK</subfield>
  </datafield>
</record>
